[Event "Titled Tuesday intern op 15 Mar Late"]
[Site "Chess.com INT"]
[Date "2022.03.15"]
[Round "6"]
[White "Chyngyz, Sultai"]
[Black "Baches Garcia, Guillermo"]
[Result "0-1"]
[WhiteElo "1280"]
[BlackElo "2329"]
[PlyCount "70"]
[EventDate "2022.03.15"]
[EventType "swiss (blitz)"]
[EventRounds "11"]
[EventCountry "USA"]
[SourceTitle "CBM 207 Extra"]
[Source "ChessBase"]
[SourceDate "2022.05.31"]
[SourceVersion "1"]
[SourceVersionDate "2022.05.31"]
[SourceQuality "1"]

1. e4 c5 2. Nf3 d6 3. d4 cxd4 4. Nxd4 Nf6 5. Nc3 Nc6 6. Nxc6 bxc6 7. Bc4 e6 8. 0-0 Be7 9. Be3 0-0 10. h3 d5 11. exd5 cxd5 12. Bb3 Bb7 13. Bd4 Nd7 14. f4 Bc5 15. Kh1 Bxd4 16. Qxd4 Qb6 17. Ne2 Ba6 18. Rfe1 Nf6 19. Qe5 Ne4 20. Nd4 Rae8 21. c3 f6 22. Qh5 Ng3+ 23. Kh2 Nxh5 24. f5 Bc4 25. fxe6 Bxb3 26. axb3 Nf4 27. e7 Rf7 28. Nf5 Qf2 29. Rg1 Nxh3 30. Nh6+ gxh6 31. Kxh3 Rexe7 32. g3 Re2 33. Rgb1 Qh2+ 34. Kg4 Re4+ 35. Kf3 Qe2# 0-1

[Event "Titled Tuesday intern op 15 Mar Late"]
[Site "Chess.com INT"]
[Date "2022.03.15"]
[Round "3"]
[White "Chyngyz, Sultai"]
[Black "Petesch, Gabriel N"]
[Result "0-1"]
[WhiteElo "1280"]
[BlackElo "2330"]
[PlyCount "108"]
[EventDate "2022.03.15"]
[EventType "swiss (blitz)"]
[EventRounds "11"]
[EventCountry "USA"]
[SourceTitle "CBM 207 Extra"]
[Source "ChessBase"]
[SourceDate "2022.05.31"]
[SourceVersion "1"]
[SourceVersionDate "2022.05.31"]
[SourceQuality "1"]

1. e4 Nf6 2. e5 Nd5 3. c4 Nb6 4. d4 d6 5. f4 dxe5 6. fxe5 e6 7. Be3 c5 8. Nf3 cxd4 9. Nxd4 Qh4+ 10. Bf2 Qf4 11. Qe2 Qc1+ 12. Qd1 Bb4+ 13. Ke2 Qxb2+ 14. Nc2 Qxe5+ 15. Be3 Bc5 16. Nd4 Nc6 17. Nc2 Bxe3 18. Nxe3 Qxa1 19. g3 Qd4 20. Qc2 Qe5 21. Qd2 Nxc4 22. Qc1 Nd4+ 23. Kf2 Qxe3+ 24. Qxe3 Nxe3 25. Kxe3 Nf5+ 26. Kf2 0-0 27. Bd3 b6 28. Be4 Rb8 29. g4 Nd6 30. Bc2 Bb7 31. Re1 Rbc8 32. Bd3 Rfd8 33. Na3 Rc3 34. Bb1 Rxa3 35. Kg1 Ne4 36. Bxe4 Bxe4 37. Rxe4 Rxa2 38. Re1 h5 39. g5 Rdd2 40. h4 Rg2+ 41. Kh1 Rgb2 42. Rc1 Kh7 43. Rd1 e5 44. Re1 e4 45. Kg1 e3 46. Kf1 Rf2+ 47. Kg1 Rg2+ 48. Kh1 Rh2+ 49. Kg1 Rag2+ 50. Kf1 e2+ 51. Rxe2 Rxe2 52. g6+ fxg6 53. Kg1 Rhf2 54. Kh1 Rf1# 0-1

[Event "Titled Tuesday intern op 15 Mar Late"]
[Site "Chess.com INT"]
[Date "2022.03.15"]
[Round "7"]
[White "Elissalt Cardenas, Hector"]
[Black "Chyngyz, Sultai"]
[Result "1-0"]
[WhiteElo "2290"]
[BlackElo "1280"]
[PlyCount "33"]
[EventDate "2022.03.15"]
[EventType "swiss (blitz)"]
[EventRounds "11"]
[EventCountry "USA"]
[SourceTitle "CBM 207 Extra"]
[Source "ChessBase"]
[SourceDate "2022.05.31"]
[SourceVersion "1"]
[SourceVersionDate "2022.05.31"]
[SourceQuality "1"]

1. d4 Nf6 2. c4 g6 3. Nc3 Bg7 4. e4 d6 5. Nge2 0-0 6. Ng3 e5 7. d5 a5 8. Be2 Na6 9. Bg5 Nc5 10. Qd2 a4 11. h4 h5 12. f4 exf4 13. Qxf4 Bg4 14. 0-0 Bxe2 15. Ngxe2 Ncd7 16. c5 Kh7 17. c6 1-0

[Event "Titled Tuesday intern op 15 Mar Late"]
[Site "Chess.com INT"]
[Date "2022.03.15"]
[Round "1"]
[White "Rosen, Eric S"]
[Black "Chyngyz, Sultai"]
[Result "1-0"]
[WhiteElo "2359"]
[BlackElo "1280"]
[PlyCount "121"]
[EventDate "2022.03.15"]
[EventType "swiss (blitz)"]
[EventRounds "11"]
[EventCountry "USA"]
[SourceTitle "CBM 207 Extra"]
[Source "ChessBase"]
[SourceDate "2022.05.31"]
[SourceVersion "1"]
[SourceVersionDate "2022.05.31"]
[SourceQuality "1"]

1. d4 Nf6 2. Bf4 d5 3. e3 g6 4. Nc3 Bg7 5. h4 h5 6. Nf3 0-0 7. Ne5 Nbd7 8. Be2 Nb6 9. a4 a5 10. Bf3 c6 11. Qe2 Be6 12. b3 Qc8 13. Nd3 Bg4 14. Nc5 Nbd7 15. Bxg4 Nxg4 16. Nxd7 Qxd7 17. f3 Nf6 18. Be5 Qe6 19. 0-0 Bh6 20. Nd1 Nd7 21. Bg3 f5 22. Bf2 f4 23. Re1 fxe3 24. Bxe3 Bg7 25. Nb2 Qf5 26. Nd3 e5 27. dxe5 Nxe5 28. Rad1 Rae8 29. Nxe5 Bxe5 30. Qf2 Bg7 31. Bc5 Rxe1+ 32. Rxe1 Qf4 33. g3 Qf7 34. Bxf8 Qxf8 35. Kg2 Qb4 36. Qe2 Kh7 37. Rd1 Qc3 38. Qd3 Qf6 39. Re1 Qd6 40. Re2 d4 41. Re4 c5 42. g4 Kh6 43. Qd2+ Kh7 44. Qf4 Qd5 45. Re7 d3 46. cxd3 Qd8 47. Qf7 Qh8 48. gxh5 gxh5 49. Qxh5+ Kg8 50. Re8+ Bf8 51. Rxf8+ Kxf8 52. Qxh8+ Ke7 53. Qh6 Kd7 54. Qg6 c4 55. h5 c3 56. d4 b5 57. h6 bxa4 58. h7 axb3 59. h8Q b2 60. Qhh7+ Kc8 61. Qgg8# 1-0

[Event "Titled Tuesday intern op 08th Mar Late"]
[Site "Chess.com INT"]
[Date "2022.03.08"]
[Round "2"]
[White "Chyngyz, Sultai"]
[Black "Batsiashvili, Nino"]
[Result "1/2-1/2"]
[WhiteElo "1280"]
[BlackElo "2472"]
[PlyCount "116"]
[EventDate "2022.03.08"]
[EventType "swiss (blitz)"]
[EventRounds "11"]
[EventCountry "USA"]
[SourceTitle "CBM 207 Extra"]
[Source "ChessBase"]
[SourceDate "2022.05.31"]
[SourceVersion "1"]
[SourceVersionDate "2022.05.31"]
[SourceQuality "1"]

1. e4 c6 2. d4 d5 3. exd5 cxd5 4. Bd3 Nf6 5. Bf4 g6 6. c3 Bg7 7. Nf3 0-0 8. Nbd2 Bf5 9. Bxf5 gxf5 10. 0-0 e6 11. Nb3 Ne4 12. Nfd2 Nc6 13. Nxe4 fxe4 14. Qg4 f5 15. Qg3 Qf6 16. Nc5 Rf7 17. h4 b6 18. Na6 Qg6 19. Qxg6 hxg6 20. Nc7 Rc8 21. Nxe6 Re7 22. Ng5 Bf6 23. Rac1 Na5 24. b3 b5 25. g3 Ree8 26. Kg2 Rc6 27. h5 gxh5 28. Rh1 Rec8 29. Rxh5 Rxc3 30. Rxc3 Rxc3 31. Bd2 b4 32. Bxc3 bxc3 33. Ne6 Kf7 34. Nf4 Bxd4 35. Rxf5+ Ke7 36. Nxd5+ Kd6 37. Nb4 Nc6 38. Nc2 Bc5 39. Rf6+ Kd5 40. g4 Nb4 41. Ne3+ Bxe3 42. fxe3 c2 43. Rf1 Nd3 44. g5 c1Q 45. Rxc1 Nxc1 46. Kg3 Nxa2 47. Kf4 Ke6 48. Kxe4 Nc1 49. b4 Na2 50. Kf4 Nxb4 51. e4 Nc6 52. Ke3 a5 53. Kd3 a4 54. Kc3 Ke5 55. Kd3 Ne7 56. Kc3 Kxe4 57. Kb4 Kf5 58. Kxa4 Kxg5 1/2-1/2

[Event "Titled Tuesday intern op 01st Mar Late"]
[Site "Chess.com INT"]
[Date "2022.03.01"]
[Round "1"]
[White "Chyngyz, Sultai"]
[Black "Bellissimo, Joseph F"]
[Result "0-1"]
[WhiteElo "1280"]
[BlackElo "2203"]
[PlyCount "80"]
[EventDate "2022.03.01"]
[EventType "swiss (blitz)"]
[EventRounds "11"]
[EventCountry "USA"]
[SourceTitle "CBM 207 Extra"]
[Source "ChessBase"]
[SourceDate "2022.05.31"]
[SourceVersion "1"]
[SourceVersionDate "2022.05.31"]
[SourceQuality "1"]

1. e4 e6 2. d4 d5 3. e5 c5 4. c3 Nc6 5. Nf3 Qb6 6. Be2 Bd7 7. 0-0 f6 8. exf6 Nxf6 9. Qc2 Rc8 10. dxc5 Bxc5 11. Bg5 0-0 12. Nbd2 e5 13. Nb3 Bd6 14. Be3 Qc7 15. Bc5 Ne4 16. Bxd6 Qxd6 17. Rad1 Qg6 18. a3 Bf5 19. Nh4 Ng3 20. Nxf5 Nxf5 21. Rxd5 Nfd4 22. Nxd4 Nxd4 23. Qd2 Qe4 24. Rxd4 exd4 25. Bd3 dxc3 26. Qc2 Qh4 27. bxc3 h6 28. Qb3+ Kh8 29. g3 Qf6 30. c4 b6 31. Be4 Rcd8 32. Bd5 Rde8 33. Qa4 Re2 34. f3 Qd4+ 35. Kh1 Qd2 36. f4 Rxh2+ 37. Kg1 Rh3 38. Rf2 Rxg3+ 39. Kf1 Qc1+ 40. Ke2 Re3# 0-1

[Event "Titled Tuesday intern op 01st Mar Late"]
[Site "Chess.com INT"]
[Date "2022.03.01"]
[Round "2"]
[White "Chyngyz, Sultai"]
[Black "Suarez Uriel, Adrian"]
[Result "0-1"]
[WhiteElo "1280"]
[BlackElo "2348"]
[PlyCount "116"]
[EventDate "2022.03.01"]
[EventType "swiss (blitz)"]
[EventRounds "11"]
[EventCountry "USA"]
[SourceTitle "CBM 207 Extra"]
[Source "ChessBase"]
[SourceDate "2022.05.31"]
[SourceVersion "1"]
[SourceVersionDate "2022.05.31"]
[SourceQuality "1"]

1. e4 c5 2. Nf3 Nc6 3. d4 cxd4 4. Nxd4 g6 5. Nxc6 bxc6 6. Qd4 Nf6 7. e5 Nd5 8. e6 Nf6 9. exd7+ Qxd7 10. Qxd7+ Bxd7 11. Bc4 Bg7 12. 0-0 0-0 13. Re1 e5 14. b3 Bf5 15. Na3 e4 16. Bb2 Rad8 17. Rad1 Nd5 18. Bxg7 Kxg7 19. Bxd5 cxd5 20. Nb5 Be6 21. Nd4 Rfe8 22. Rd2 f5 23. Red1 Bf7 24. Nc6 Rd7 25. c4 Rc8 26. Ne5 Rd6 27. Nxf7 Kxf7 28. Rxd5 Ra6 29. R1d2 h5 30. Rd7+ Ke6 31. Kf1 Rxa2 32. Rxa2 Kxd7 33. Rxa7+ Ke6 34. Ra6+ Ke5 35. Ke2 Rb8 36. Ra5+ Kd4 37. Rb5 Rxb5 38. cxb5 Kc5 39. f3 exf3+ 40. Kxf3 g5 41. Ke3 h4 42. b6 Kxb6 43. Kd4 f4 44. Ke4 Kb5 45. Kf5 h3 46. g3 fxg3 47. hxg3 h2 48. Kxg5 h1Q 49. g4 Qd5+ 50. Kf6 Qg8 51. g5 Kb4 52. g6 Kxb3 53. g7 Kc4 54. Kg6 Kd5 55. Kh6 Ke5 56. Kg6 Ke6 57. Kh6 Kf5 58. Kh5 Qh7# 0-1